000 00371nam a22001337a 4500
020 _qPB.
040 _cFIZZA ISHAQ
082 _a808.068
_bLIS
100 _aBUCCIERI,ROJANY LISA.
_9134056
245 _aWRITING CHILDREN'S BOOKS FOR DUMMIES /
_cLISA ROJANY BUCCIERI.
260 _aNEW YORK ;
_bWILEY PUBLISHING,
_c2005.
300 _a355 P. ;
_c9.5X7.6IN
942 _2ddc
_cBK
999 _c616985
_d616985